| 000 | 00969nam a22002897a 4500 | ||
|---|---|---|---|
| 003 | CHAP | ||
| 005 | 20220329133711.0 | ||
| 008 | 971013s1960 r 00010 d | ||
| 010 | _a9674 | ||
| 011 | _a10646 | ||
| 035 | _a9884 | ||
| 040 | _cCHAP | ||
| 082 |
_a634.928 _bA4 |
||
| 100 | 0 | 0 |
_aAcademia de Ciencias de la URSS. _9367 |
| 245 | _aQuestions of forestry and forestry management papers for the V World Forestry Congress | ||
| 260 |
_aMoscow : _bAcademia de Ciencias de la URSS, _c1960 |
||
| 300 |
_a475 p. _b: ilus. |
||
| 590 |
_aBATCH-UPD _b10 _c20130110 _lUCH01 _h0900 |
||
| 590 |
_aBATCH-UPD _b10 _c20130410 _lUCH01 _h0529 |
||
| 590 |
_aBATCH-UPD _b10 _c20130913 _lUCH01 _h1845 |
||
| 590 |
_aCONVERSION _b10 _c20130109 _lUCH01 _h1306 |
||
| 650 | 1 | 4 |
_aBosques _xAdministración. _914003 |
| 711 | 0 |
_aCongreso Mundial Forestal (5 : 1960 : Seattle) _926876 |
|
| 901 | _aBK | ||
| 942 | _cLIBRO | ||
| 949 |
_a634.928 A4 _bBC _cLIBRO _d33724000245932 _eLIBRO _h23611 _i9884 _si |
||
| 999 |
_c9674 _d9674 |
||